00522cam a2200169 i 4500020001800000020001500018041000800033082001700041100002000058245003600078260004100114300004700155650002100202942000700223952010500230999001700335 a9780670086573 a0670086576 aENG04a759.954bGOS1 aGoswamy, B. N.,14aThe spirit of Indian painting : aGurgaonbPenguin Books Pvt Ltdc2014 axii, 570 pages :billustrations (colour) ; 0aPainting, Indic. cBK 00104070aHMIbHMIcGENd2024-06-25eDirectorl0o759.954 GOSp11-4836r2024-06-25w2024-06-25yBK c23482d23482